000 00594nam a2200169 a 4500
008 080109s1967 ||||||||||||||||| || u
050 _aHD 38 Law
100 _aLawrence, Paul R
245 1 0 _aOrganization and environment
246 _amanaging differentiation and integration
260 _aBoston
_bHavard University
_c1967
300 _axv, 279p.
350 _a0.00
650 0 _aMANAGEMENT
650 _aORGANIZATIONAL ENVIRONMENT
995 _D0.00
_FCBU-MAIN LIBRARY (Kitwe)
_H1
_I0.00
_M1
_UAVAILABLE
_ZMain Library Open Access Collection
999 _c52824
_d52824